Ardides de amor (Registro nro. 170710)
[ vista simple ]
| 000 -LEADER | |
|---|---|
| campo de control de longitud fija | 00874nam a22001815i 4500 |
| 001 - NÚMERO DE CONTROL | |
| campo de control | 170710 |
| 003 - IDENTIFICADOR DE NÚMERO DE CONTROL | |
| campo de control | ES-MaACL |
| 005 - FECHA Y HORA DE LA ÚLTIMA TRANSACCIÓN | |
| campo de control | 20251121161549.0 |
| 008 - DATOS DE LONGITUD FIJA--INFORMACIÓN GENERAL | |
| campo de control de longitud fija | 090331s1865 sp |||| | spa d |
| 100 1# - ENTRADA PRINCIPAL--NOMBRE DE PERSONA | |
| Nombre de persona | García Giménez, Mariano. |
| 9 (RLIN) | 139705 |
| 245 10 - MENCIÓN DEL TÍTULO | |
| Título | Ardides de amor |
| Resto del título | : zarzuela en un acto, original y en verso / |
| Mención de responsabilidad, etc. | letra de Mariano García Giménez ; música de Miguel Carreras y González. |
| 260 ## - PUBLICACIÓN, DISTRIBUCIÓN, ETC. | |
| Lugar de publicación, distribución, etc. | Madrid : |
| Nombre del editor, distribuidor, etc. | [s.n.], |
| Fecha de publicación, distribución, etc. | 1865 ( |
| Fabricante | Est. tip. de Eduardo Cuesta) |
| 300 ## - DESCRIPCIÓN FÍSICA | |
| Extensión | 51 p. ; |
| Dimensiones | 20 cm. |
| 500 ## - NOTA GENERAL | |
| Nota general | En la port.: Estrenada con aplauso en el teatro del Circo de Madrid, el 16 de enero de 1865. |
| 700 ## - ENTRADA AGREGADA--NOMBRE PERSONAL | |
| Nombre de persona | Carreras y González, Mariano |
| 9 (RLIN) | 227072 |
| 852 ## - LOCALIZACIÓN | |
| Ubicación | ES-MaACL |
| Número de control de estantería | F-8554(7) |
| Nota libre | .- Enc. pasta española |
| condición física | .- Falto de la cub. original |
| Nota libre | - Enc. en vol. facticio formando parte de la col. facticia "Teatro español moderno", v. 6 |
| Estatus retirado | Estado de pérdida | Estado de daño | No para préstamo | Colección | Biblioteca de origen | Biblioteca actual | Ubicación en estantería | Fecha de adquisición | Fuente de adquisición | Total de préstamos | Signatura topográfica completa | Código de barras | Visto por última vez | Precio de reemplazo | Tipo de ítem Koha |
|---|---|---|---|---|---|---|---|---|---|---|---|---|---|---|---|
| Libros del s. XIX | Biblioteca del Ateneo de Madrid | Biblioteca del Ateneo de Madrid | Sala Pecera Planta 2 | 31/03/2009 | F-8554(7) | 1179152 | 23/02/2023 | 23/02/2023 | Libro impreso antiguo |
